000 00477nam a2200181Ia 4500
001 4216
005 20260306145739.0
008 260306t2011||||xx |||||||||||||| ||spa||
041 _aESP
082 _a320.01
_bS26
100 _aSartori, Giovanni
_eAUT
245 0 _aCómo hacer ciencia política:
_blógica, método y lenguaje en las ciencias sociales
260 _c2011
300 _a406 páginas :
_c21 cm.
650 _aGEN
654 _aCDE
942 _cLIB
_dJUS
_fJUS
_2ddc
_n
999 _c4216
_d4216